Miasta z największymi uniwersytetami na świecie - Statystyki

Ogólne statystyki
  • Ten quiz został rozwiązany 16 razy
  • Średni wynik to 6 z 10
Statystyki odpowiedzi
Miasto % Poprawnych
Londyn
100%
Paryż
100%
Tokio
93%
Berlin
67%
Seul
53%
Monachium
47%
Sydney
47%
Melbourne
40%
WIedeń
33%
Zurych
33%
Nie znaleziono quizów pasujących do podanych kryteriów
Rozkład punktacji
Procent ludzi z każdym wynikiem
Percentyl według liczby udzielonych odpowiedzi
Twoja historia wyników
Nie rozwiązałeś tego quizu